Fr. Conceicao Rodrigues College of Engineering

Programmers Technical Reference (Record no. 28154)

MARC details
000 -LEADER
fixed length control field 00294nam a2200133Ia 4500
100 ## - MAIN ENTRY--PERSONAL NAME
Personal name Williams/ Dave
245 ## - TITLE STATEMENT
Title Programmers Technical Reference
260 ## - PUBLICATION, DISTRIBUTION, ETC.
Name of publisher, distributor, etc. Galgotia
Place of publication, distribution, etc. New Delhi
Date of publication, distribution, etc. 1993
300 ## - PHYSICAL DESCRIPTION
Extent 752
546 ## - LANGUAGE NOTE
Language note ENGLISH
654 ## - SUBJECT ADDED ENTRY--FACETED TOPICAL TERMS
Focus term Technical Reference
942 ## - ADDED ENTRY ELEMENTS (KOHA)
Koha item type BOOK
Holdings
Withdrawn status Lost status Damaged status Not for loan Collection Home library Current library Date acquired Source of acquisition Cost, normal purchase price Inventory number Total Checkouts Full call number Barcode Date last seen Cost, replacement price Price effective from Koha item type
        CRC Fr. Agnel's C.Rodrigues College of Engineering Fr. Agnel's C.Rodrigues College of Engineering 17/03/2023 Progressive Books 100.00 3079 dt 22.10.93   4937 17/03/2023 100.00 22/10/1993 BOOK